[Event "XVIII Najdorf Open 2018"]
[Site "Warsaw"]
[Date "2018.07.13"]
[Round "6"]
[White "Majek, Kacper"]
[Black "Bronowicki, Mateusz"]
[Result "0-1"]
[WhiteElo "2088"]
[BlackElo "2288"]
[Annotator "NA"]
[PlyCount "174"]
[EventDate "2018.07.08"]
[EventCountry "POL"]
[SourceTitle "playchess.com"]
[Source "ChessBase"]
[SourceQuality "1"]

1. e4 e6 2. d3 d5 3. Nd2 Nf6 4. g3 b6 5. Bg2 Be7 6. e5 Nfd7 7. Ngf3 c5 8. O-O Nc6 9. Re1 Qc7 10. Qe2 g5 11. h3 {C00: Französische Verteidigung (Seltene Züge)} h5 12. c4 (12. Nf1 g4 13. hxg4 hxg4 14. N3h2 Qxe5 15. Qd1 Qh5 16. Qxg4 Qxg4 17. Nxg4 Bb7 18. Bf4 O-O-O {0-1 (42) Sredojevic,I (2361)-Weinzettl,E (2293) Veliko Gradiste 2016}) 12... g4 13. hxg4 hxg4 14. Nh2 Nd4 15. Qxg4 $146 ({Vorgänger:} 15. Qd1 Nxe5 16. cxd5 Bb7 17. Nxg4 Nxg4 18. Qxg4 O-O-O {½-½ (60) Vega Gutierrez,S (2197)-Lopez Pereyra,A (2159) Pontevedra 2004}) 15... Nxe5 16. Qg7 Ng6 17. cxd5 Bf8 18. d6 Bxg7 19. dxc7 Nc2 20. Re2 Kd7 21. Bxa8 Nxa1 22. Nc4 Kxc7 23. Bg5 f6 24. Be4 f5 25. Bg2 a5 26. Nf3 a4 27. Nfe5 Nxe5 28. Bf4 b5 29. Nxe5 Kb6 30. Nf7 Rf8 31. Nd6 Bd7 32. Kf1 Bf6 33. Ke1 Rh8 34. Bf3 e5 35. Bxe5 Bxe5 36. Rxe5 Nc2+ 37. Kd2 Nd4 38. Ke3 Rh2 39. Bd1 Be6 40. a3 Rh1 41. Kd2 Rh2 42. Ke3 Rh1 43. Kd2 Rf1 44. f4 Bb3 45. Bxb3 axb3 46. Nxf5 Rf2+ 47. Ke1 Rxb2 48. Nxd4 cxd4 49. Kd1 Rg2 50. Kc1 Ka5 51. Re8 b2+ 52. Kb1 Ka4 53. Ka2 b1=Q+ 54. Kxb1 Kxa3 55. Re1 Rxg3 56. Rf1 Kb3 57. f5 Rg7 58. f6 Rf7 59. Rf3 Kc3 60. Ka2 $1 Ra7+ 61. Kb1 Rf7 62. Ka2 b4 63. Ka1 Kc2 64. Rf2+ Kxd3 65. Kb2 Ke3 66. Rf5 d3 67. Re5+ $1 Kd4 68. Re6 $1 Rc7 69. Re7 Rc2+ 70. Kb3 Rf2 71. Rd7+ Ke3 72. Re7+ Kd2 73. f7 Rf4 74. Kb2 Kd1 75. Rd7 d2 76. Re7 Rf3 77. Kb1 Rb3+ 78. Ka2 Rf3 $11 (78... Kc1 $5 79. Rc7+ $8 Rc3 $11) 79. Kb1 Rb3+ 80. Ka2 Rf3 81. Kb1 Rb3+ 82. Ka2 Kc2 83. Rc7+ Rc3 84. Rxc3+ bxc3 85. f8=Q d1=Q 86. Qf5+ Kc1 87. Qe6 Qa4# 0-1

[Event "XVIII Najdorf Open 2018"]
[Site "Warsaw"]
[Date "2018.07.13"]
[Round "6"]
[White "Kaminski, Jan"]
[Black "Gurvich, Vitaly"]
[Result "0-1"]
[WhiteElo "2013"]
[BlackElo "2274"]
[Annotator "NA"]
[PlyCount "98"]
[EventDate "2018.07.08"]
[EventCountry "POL"]
[SourceTitle "playchess.com"]
[Source "ChessBase"]
[SourceQuality "1"]

1. e4 c6 2. d4 d5 3. exd5 cxd5 4. Bd3 Nc6 5. c3 Nf6 6. Bf4 Bg4 7. Qb3 e5 8. dxe5 Nh5 9. Be3 Nxe5 10. Bb5+ Nc6 11. Nd2 Nf6 12. Ngf3 Bd6 13. O-O O-O 14. Bg5 Be6 15. Qc2 a6 16. Bd3 h6 17. Bh4 Rc8 18. a3 Be7 19. Nb3 Nh5 20. Bxe7 Qxe7 21. Qd2 Qf6 22. Nbd4 Nf4 23. Ne2 Nh3+ 24. Kh1 Bg4 25. Ned4 Nf4 26. Rae1 Bxf3 27. Nxf3 Rfe8 28. Re3 Re6 29. Bb1 Rd8 30. Rd1 Red6 31. Qc2 g6 32. Nd4 Nxd4 33. Rxd4 Ne6 34. Rd1 d4 35. Ree1 dxc3 36. Rxd6 Rxd6 37. bxc3 Qg5 38. Kg1 Nf4 39. g3 Nh3+ 40. Kg2 Rd2 41. Kxh3 Rxc2 42. Bxc2 Qd2 43. Re8+ Kg7 44. Ba4 Qxf2 45. Bd7 Qf1+ 46. Kh4 g5+ 47. Kh5 Qf3+ 48. Bg4 Qf6 49. Be2 Qg6+ 0-1

[Event "XVIII Najdorf Open 2018"]
[Site "Warsaw"]
[Date "2018.07.13"]
[Round "6"]
[White "Harazinska, Magdalena"]
[Black "Baum, Jonasz"]
[Result "0-1"]
[WhiteElo "1997"]
[BlackElo "2272"]
[Annotator "NA"]
[PlyCount "110"]
[EventDate "2018.07.08"]
[EventCountry "POL"]
[SourceTitle "playchess.com"]
[Source "ChessBase"]
[SourceQuality "1"]

1. d4 d5 2. c4 e6 3. Nf3 a6 4. Qc2 dxc4 5. Qxc4 b5 6. Qc2 Bb7 7. e4 Nf6 8. Bd3 Nc6 9. e5 Nb4 10. Qe2 Nxd3+ 11. Qxd3 Nd5 12. O-O Be7 13. Nbd2 Qd7 14. Ne4 Nb4 15. Qe2 Bd5 16. Nc3 Bc4 17. Qe4 Qc6 18. Qxc6+ Nxc6 19. Rd1 O-O-O 20. b3 Bb4 21. Bb2 Bxc3 22. Bxc3 Be2 23. Rd2 Bxf3 24. gxf3 b4 25. Bb2 Nxe5 26. Kg2 Nc6 27. Kf1 f6 28. Rc1 Rd6 29. Rdc2 Kb7 30. f4 g6 31. a3 Rhd8 32. axb4 R8d7 33. Rc4 Nxd4 34. Bxd4 Rxd4 35. Kg2 Rd3 36. Re1 R7d6 37. Re3 Rxe3 38. fxe3 Rd3 39. Re4 Rxb3 40. Rxe6 Rxb4 41. Rxf6 a5 42. f5 a4 43. fxg6 Rg4+ 44. Kf3 Rxg6 45. Rf4 a3 46. Rb4+ Rb6 47. Ra4 Ra6 48. Rb4+ Kc6 49. Rb1 a2 50. Ra1 Kd5 51. e4+ Kd4 52. e5 Kxe5 53. Ke3 Rh6 54. h4 Rxh4 55. Rxa2 Rh3+ {Kd4+} 0-1

[Event "XVIII Najdorf Open 2018"]
[Site "Warsaw"]
[Date "2018.07.15"]
[Round "8"]
[White "Bartel, Mateusz"]
[Black "Salem, AR Saleh"]
[Result "1/2-1/2"]
[WhiteElo "2602"]
[BlackElo "2642"]
[Annotator "TA"]
[PlyCount "27"]
[EventDate "2018.07.08"]
[EventCountry "POL"]
[SourceTitle "playchess.com"]
[Source "ChessBase"]
[SourceQuality "1"]

{[%evp 18,27,19,11,12,2,13,0,16,-16,-4,-4]} 1. e4 e5 2. Nf3 Nc6 3. Bb5 {[%cal Bf1b5,Bb5a4,Ba4b3][%mdl 32]} a6 4. Ba4 Nf6 5. O-O Be7 6. d3 b5 7. Bb3 d6 8. a3 {C84: Closed Ruy Lopez: Unusual White 6th moves} O-O 9. h3 (9. Nc3 Na5 10. Ba2 Be6 11. b4 Bxa2 12. Rxa2 Nc6 13. Bg5 Ng4 14. Bd2 Nf6 15. Bg5 Ng4 16. Bd2 Nf6 17. Bg5 {½-½ (17) Vachier Lagrave,M (2789)-Carlsen,M (2843) Stavanger 2018}) 9... Nb8 {[%cal Bc6b8,Bb8d7,Bd7c5][%mdl 32]} 10. Nc3 {LiveBook: 5 Games. The position is equal.} Nbd7 11. Be3 Bb7 12. Nd2 $146 ({Predecessor:} 12. Re1 c5 13. Ne2 d5 14. exd5 Nxd5 15. Bd2 Bd6 16. Ng3 Rc8 17. Ng5 {1-0 (67) Feuerstack,A (2452)-Ernst,S (2543) Maastricht 2016}) 12... Nc5 13. Ba2 d5 14. exd5 1/2-1/2

[Event "XVIII Najdorf Open 2018"]
[Site "Warsaw"]
[Date "2018.07.15"]
[Round "8"]
[White "Mista, Aleksander"]
[Black "Thybo, Jesper Sondergaard"]
[Result "1-0"]
[WhiteElo "2595"]
[BlackElo "2497"]
[Annotator "TA"]
[PlyCount "63"]
[EventDate "2018.07.08"]
[EventCountry "POL"]
[SourceTitle "playchess.com"]
[Source "ChessBase"]
[SourceQuality "1"]

{[%evp 34,63,0,0,0,0,0,0,0,0,0,0,0,0,0,0,5,0,-2,-35,93,93,175,167,195,40,0,0,29987,29988,29992,29993]} 1. e4 c6 2. d4 d5 3. Nc3 dxe4 4. Nxe4 Bf5 5. Ng3 Bg6 6. h4 {[%cal Bh2h4,Bh4h5][%mdl 32]} h6 7. Nf3 Nd7 8. h5 Bh7 9. Bd3 Bxd3 10. Qxd3 e6 11. Bd2 Ngf6 12. O-O-O Be7 13. Kb1 O-O 14. Ne4 Nxe4 {B19: Caro-Kann (Hauptvariante)} 15. Qxe4 Nf6 16. Qe2 Qd5 17. Be3 Qb5 18. Rd3 {LiveBook: 4 Partien} Bd6 19. Nd2 a5 {[%cal Ba7a5,Ba5a4][%mdl 32]} 20. g4 {[#]} Ba3 $1 {[%csl Ga3][%cal Rb5b2][%mdl 512]} 21. b3 $1 {Und weiter mit c4 wäre nett.} (21. Rxa3 Qxe2) 21... a4 $1 {[%cal Ra4b3]} 22. c4 {[#]} Qa5 $146 23. Rg1 Be7 24. g5 hxg5 25. Rxg5 b5 {Und ...axb3 würde nun gewinnen.} 26. d5 $1 {[%cal Rd5d6]} exd5 {[#]} (26... cxd5 $15 {behält die Oberhand.} 27. h6 g6) 27. Bd4 $1 $36 {[%mdl 2048] Schwarz muss aufpassen.} Rfe8 (27... axb3 $16 {war angesagt.} 28. Nxb3 Qxa2+ 29. Qxa2 Rxa2) 28. Re3 $18 bxc4 {[#]} 29. Rxg7+ $1 {[%mdl 512]} Kxg7 $14 30. Qg4+ $1 Kf8 $2 {[%mdl 8192]} (30... Kh7 $11 31. Qf5+ Kg8 32. Qg5+ Kh7) 31. Qg5 Reb8 32. Bxf6 {Precision: Weiß = 78%, Schwarz = 50%.} 1-0

[Event "XVIII Najdorf Open 2018"]
[Site "Warsaw"]
[Date "2018.07.15"]
[Round "8"]
[White "Bernadskiy, Vitaliy"]
[Black "Socko, Monika"]
[Result "1/2-1/2"]
[WhiteElo "2586"]
[BlackElo "2464"]
[Annotator "TA"]
[PlyCount "70"]
[EventDate "2018.07.08"]
[EventCountry "POL"]
[SourceTitle "playchess.com"]
[Source "ChessBase"]
[SourceQuality "1"]

{[%evp 20,70,1,0,9,0,0,4,5,5,26,18,17,23,22,17,27,11,11,11,34,39,43,8,9,1,7,7,4,0,0,0,0,0,0,0,0,0,0,-8,0,0,0,0,0,0,0,0,0,0,0,0,0]} 1. d4 Nf6 2. Bg5 e6 3. Nd2 h6 4. Bh4 d5 5. e3 Be7 6. Bd3 c5 7. c3 b6 8. Ngf3 O-O 9. Ne5 {D03: Damenbauernspiele} (9. a4 Ba6 10. Bxa6 Nxa6 11. O-O Nb8 12. a5 Nc6 13. axb6 axb6 14. Qb3 Qc7 15. Bg3 Qb7 16. Ne5 Nxe5 17. Bxe5 {½-½ (25) Megaranto,S (2535)-Ponomariov,R (2706) Almaty 2016}) 9... Nfd7 10. Bxe7 Qxe7 11. f4 {[%cal Bf2f4,Bf4e5][%mdl 32] LiveBook: 3 Partien} Nxe5 12. fxe5 Ba6 13. Bxa6 Nxa6 14. O-O Nc7 15. Qh5 f5 16. exf6 Rxf6 17. Rxf6 Qxf6 18. Rf1 $146 Qe7 19. Qe5 Rf8 (19... Ne8 {keeps more tension.} 20. dxc5 bxc5 21. e4 Qd7 22. exd5 exd5 23. Qf5 Qxf5 24. Rxf5 Nf6) 20. Rxf8+ Kxf8 21. Nf3 Ne8 {Die Stellung ist ausgeglichen.} 22. e4 Qd6 23. exd5 Qxd5 24. Qxd5 (24. a4 {looks sharper.} Qxe5 25. dxe5 Ke7 26. Kf2 Kd7 27. Ke3) 24... exd5 25. dxc5 bxc5 $11 {[%mdl 4096] Endspiel KS-KS} 26. Ne5 Ke7 27. Nc6+ Kd7 28. Nxa7 Nd6 $1 {Weiss muss nun ...Kc7 beachten.} 29. b4 c4 {[#] Und ...Kc7 würde nun gewinnen.} 30. Kf2 {Ke2 ist eine echte Drohung.} Ne4+ 31. Ke3 {Droht stark Kd4.} Nxc3 32. a3 $1 Kd6 33. Kd4 Ne2+ 34. Ke3 Nc3 35. Kd4 Ne2+ {Precision: Weiß = 76%, Schwarz = 62%.} 1/2-1/2

[Event "XVIII Najdorf Open 2018"]
[Site "Warsaw"]
[Date "2018.07.15"]
[Round "8"]
[White "Heberla, Bartlomiej"]
[Black "Aravindh, Chithambaram VR"]
[Result "1/2-1/2"]
[WhiteElo "2563"]
[BlackElo "2580"]
[Annotator "TA"]
[PlyCount "144"]
[EventDate "2018.07.08"]
[EventCountry "POL"]
[SourceTitle "playchess.com"]
[Source "ChessBase"]
[SourceQuality "1"]

{[%evp 17,144,24,28,24,17,18,18,15,20,13,22,0,0,8,30,-15,-1,-22,0,0,0,0,4,0,1,-9,0,0,0,-14,-14,-27,0,0,0,0,0,0,0,0,0,0,0,0,0,0,0,0,0,0,0,0,0,0,0,0,19,0,31,31,50,50,50,50,74,74,74,74,74,74,74,74,74,74,74,74,74,74,74,53,53,53,53,53,75,75,75,75,75,8,8,8,8,8,8,8,8,8,8,8,8,8,8,8,8,8,8,8,8,8,8,8,8,8,8,0,8,0,8,8,8,0,0,0,0,0,0,0,0]} 1. e4 c5 2. Nf3 d6 3. Bc4 Nf6 4. Qe2 Nc6 5. c3 Bg4 6. h3 Bxf3 7. Qxf3 g6 {B50: Sicilian: 2...d6, Miscellaneous} 8. O-O (8. Bb5 Bg7 9. e5 Nd7 10. exd6 Nde5 11. Qd5 Qb6 12. d7+ Nxd7 13. Na3 Rd8 14. Bxc6 bxc6 15. Qe4 {0-1 (49) Bartel,M (2623)-Laznicka,V (2676) Germany 2015}) 8... Bg7 9. Bb3 O-O {LiveBook: 3 Games. White has an edge.} 10. d3 b5 11. Be3 Nd7 12. Nd2 Rb8 13. Qd1 $146 ({Predecessor:} 13. Rad1 b4 14. Bd5 bxc3 15. bxc3 Bxc3 16. Bh6 Bg7 17. Bxg7 Kxg7 18. Bxc6 Ne5 19. Qe3 Nxc6 {0-1 (46) Burtasova,A (2020)-Shaidullina,S (2205) St Petersburg 2000}) 13... Qc7 14. Rc1 a5 15. a3 Nb6 16. d4 a4 17. Ba2 cxd4 18. cxd4 Qd7 19. Nf3 Na5 20. Qe2 e6 21. d5 Nbc4 22. dxe6 Qxe6 23. Bd4 Rfe8 {Threatening ...Bxd4.} 24. Rfe1 Bxd4 25. Nxd4 Qf6 26. Bxc4 bxc4 27. Qd2 Nb3 28. Nxb3 Rxb3 29. Rxc4 Rxb2 30. Qd4 Qxd4 31. Rxd4 $11 {[%mdl 4096] Endgame KRR-KRR} Rc8 32. Rxa4 Rcc2 33. Rf1 Ra2 34. Rd4 Rxa3 35. Rxd6 Re2 36. Rd4 h5 37. h4 Kg7 38. Kh2 Kf6 39. f3 Raa2 40. Rg1 Red2 41. Rxd2 Rxd2 $16 {KR-KR} 42. Kg3 Ra2 43. Kf4 Rb2 44. g3 Rb3 45. Rd1 Ke6 46. Ra1 Rb5 47. Ra6+ Ke7 48. e5 Rb3 49. Rf6 Rb5 50. Rc6 Rb1 51. Kg5 {Black must now prevent Rc7+.} Rg1 52. Kh6 Rxg3 {[#]} 53. f4 (53. Rf6 $1 $16) 53... Rg4 $1 $11 {[%cal Rg4f4] The position is equal.} 54. Rf6 {Threatens to win with Kg7.} Kf8 $1 (54... Rxh4 55. Kg7 $18) 55. Kh7 Rxh4 56. e6 Ke7 $1 {[%cal Re7f6] [#]} 57. exf7 $1 {[%mdl 512]} Kf8 58. Kxg6 Rg4+ $1 59. Kxh5 Rg1 60. Rf5 Rg7 61. Ra5 {Ra8+ is the strong threat.} Rxf7 62. Ra8+ Kg7 63. Kg5 Rb7 64. Ra6 Rb1 65. Ra7+ Kf8 66. Ra6 Kf7 67. Ra7+ Kf8 68. f5 {next Kg6 is good for White.} Rb6 69. f6 {Threatening mate with Kg6.} Rb1 70. f7 Rf1 71. Rb7 Rxf7 72. Rxf7+ Kxf7 {Precision: White = 67%, Black = 71%.} 1/2-1/2

[Event "XVIII Najdorf Open 2018"]
[Site "Warsaw"]
[Date "2018.07.15"]
[Round "8"]
[White "Smirnov, Anton"]
[Black "Das, Arghyadip"]
[Result "1-0"]
[WhiteElo "2523"]
[BlackElo "2436"]
[Annotator "TA"]
[PlyCount "127"]
[EventDate "2018.07.08"]
[EventCountry "POL"]
[SourceTitle "playchess.com"]
[Source "ChessBase"]
[SourceQuality "1"]

{[%evp 21,127,15,37,0,26,0,0,0,13,-6,-6,-10,-20,-26,-13,-44,0,-10,0,0,9,9,41,-21,-14,-17,-15,-24,-20,-22,-20,-27,-27,-53,-10,-45,-14,-16,-14,-21,-12,-12,-18,-18,0,-24,-24,-24,-24,-25,0,0,0,0,0,0,0,0,0,0,0,0,74,64,72,77,209,181,786,777,706,684,1294,1274,1226,1206,1030,850,1551,1368,1621,1556,1542,1529,29966,12779,29970,29971,29971,29972,29971,29973,29973,29974,29974,29976,29972,29977,29977,29978,29978,29979,29979,29980,29980,29981,29981,29982]} 1. e4 c6 2. d4 d5 3. Nc3 dxe4 4. Nxe4 Bf5 5. Ng3 Bg6 6. Nh3 Nf6 7. Nf4 e5 8. dxe5 {B18: Classical Caro-Kann: 4...Bf5 sidelines} Qa5+ 9. c3 Qxe5+ 10. Be2 (10. Qe2 Nbd7 11. Nxg6 hxg6 12. Bf4 Qxe2+ 13. Bxe2 Bc5 14. Bf3 O-O-O 15. O-O Nd5 16. Bxd5 cxd5 {½-½ (51) Svidler,P (2727)-Giri,A (2793) Baku 2015 CBM 169 [Ramirez Alvarez,Alejandro]}) 10... Nbd7 11. O-O Qc7 {LiveBook: 3 Games} 12. Ngh5 $146 ({Predecessor:} 12. Nxg6 hxg6 13. Qb3 Bd6 14. Be3 Bc5 15. Bxc5 Nxc5 {½-½ (30) Tiviakov,S (2621)-Kasparov,S (2482) Beirut 2015}) 12... O-O-O 13. Qa4 Nxh5 14. Nxh5 Kb8 15. Bf4 Bd6 16. Bxd6 Qxd6 17. Rad1 Qe5 18. Ng3 h5 19. Qh4 Nf6 20. Bf3 Rxd1 21. Rxd1 Bc2 22. Qd4 (22. Rd2 $1 $14 Bb1 23. a3) 22... Re8 $11 23. Qxe5+ Rxe5 24. Rc1 Bd3 25. h4 Kc7 26. Nf1 Bc4 27. Ne3 Be6 28. g3 a5 29. a3 a4 30. Rd1 Nd7 31. Rd4 Nc5 32. Kf1 b5 33. Be2 Ne4 34. Kg2 Nd6 35. Rd2 Ne4 36. f4 Nxd2 37. fxe5 {[%mdl 4096] Endgame KBN-KBN} g6 38. Kf2 Kd7 39. Bd3 Nb3 40. Kf3 Nc1 41. Bf1 Ke7 (41... Nb3 $11) 42. c4 $16 {[%cal Bc3c4,Bc4b5,Bb5b6][%mdl 32]} Nb3 {...Nd2+ is the strong threat.} 43. cxb5 Nd2+ (43... Nd4+ $16 {is a better defense.} 44. Ke4 Nxb5) 44. Kf4 $1 $18 Nxf1 $2 (44... cxb5 45. Bxb5 Bb3) 45. b6 $1 Kd7 46. Nxf1 {KB-KN} Kc8 {intending ...Kb7.} 47. Nd2 Kb7 48. Ne4 Kxb6 49. Kg5 Bd5 50. Nd6 $1 Kc5 51. Kf6 Kd4 52. Nxf7 Kc4 53. e6 Bxe6 54. Kxe6 {KN-KP. White mates.} Kb3 55. Ne5 Kxb2 56. Nc4+ Kb3 {[#]} 57. Nb6 $1 Kxa3 58. Kd6 Kb4 59. Nxa4 $1 Kc4 60. Kxc6 Kd4 61. Kd6 Ke4 {[#]} 62. Ke6 $1 {[%cal Re6f6]} Kf3 63. Kf6 Kxg3 64. Kg5 {Precision: White = 73%, Black = 34%.} 1-0

[Event "XVIII Najdorf Open 2018"]
[Site "Warsaw"]
[Date "2018.07.15"]
[Round "8"]
[White "Kanarek, Marcel"]
[Black "Pacan Milej, Kosma"]
[Result "1-0"]
[WhiteElo "2508"]
[BlackElo "2282"]
[Annotator "TA"]
[PlyCount "87"]
[EventDate "2018.07.08"]
[EventCountry "POL"]
[SourceTitle "playchess.com"]
[Source "ChessBase"]
[SourceQuality "1"]

{[%evp 17,87,30,37,0,0,0,0,-37,7,-108,-126,-147,-151,-150,-13,-8,0,8,13,7,15,0,35,0,13,0,11,0,0,0,0,0,0,0,42,45,58,58,69,75,122,100,274,274,329,335,318,267,495,483,416,0,391,344,1134,1106,896,0,703,692,1231,1140,1140,1021,945,775,5297,5297,2490,2459,29980,29981]} 1. e4 c5 2. Nf3 d6 3. d4 Nf6 4. Nc3 cxd4 5. Nxd4 a6 6. Bg5 Nbd7 7. Qe2 {B94: Sizilianisch (Najdorf-Variante mit 6.Lg5)} (7. Bc4 h6 8. Bh4 g6 9. Qe2 Bg7 10. O-O-O O-O 11. Bb3 Qc7 12. Kb1 Rb8 13. f4 e5 14. fxe5 dxe5 15. Nf3 b5 16. g4 {1-0 (61) Nepomniachtchi,I (2751)-Korobov,A (2678) Poikovsky 2018}) 7... h6 8. Bh4 b5 9. O-O-O Bb7 {LiveBook: 9 Partien} 10. Nd5 (10. f4 $5 {[%cal Re4e5]} e5 11. Nf5 $11) 10... Nxd5 11. exd5 {Und Se6! würde nun gewinnen.} Nb6 $146 ({Vorgänger:} 11... Bxd5 12. f4 g5 13. fxg5 e6 14. Nf5 Bc4 {1-0 (30) Ziaziulkina,N (2342)-Kulon,K (2259) Athens 2012}) 12. Nxb5 Nxd5 13. Qe4 {[#]} (13. Na3 $11 {hält das Gleichgewicht.}) 13... Qd7 $1 $17 14. Bc4 axb5 15. Bxd5 Bxd5 (15... Ra4 $17 16. Qf3 Bxd5 17. Rxd5 Rxa2) 16. Qxd5 $11 Rc8 17. Rhe1 {Droht Dxd6 und aus.} e6 18. Qd3 Be7 19. Bxe7 Kxe7 20. Re4 Rhd8 21. Rd4 Qc6 22. c3 Ra8 23. a3 Ra4 24. Qg3 Rxd4 25. Rxd4 {[%mdl 4096] Endspiel KDT-KDT} Kf8 26. Rg4 g5 27. h4 f5 28. Rb4 $36 {[%mdl 2048] Schwarz muss aufpassen.} g4 29. Qe3 Qxg2 $2 {[#]} (29... Ke7 $16 {ist eine bessere Verteidigung.}) 30. Qxe6 $18 (30. Qxh6+ Ke7 $11) 30... Qf1+ 31. Kc2 Qxf2+ 32. Kb3 Qf1 $2 (32... Qa7) 33. Qf6+ Ke8 {beabsichtigt ...Dd1+.} 34. Qe6+ Kf8 {Falls Schwarz jetzt zu ...g3 käme, bestünde noch etwas Hoffnung.} 35. Ka2 ({Schwächer ist} 35. Qf6+ Ke8 $18) 35... h5 $2 (35... g3 36. Qxh6+ Kf7) 36. Qf6+ Ke8 37. Qe6+ Kf8 {Jetzt ...g3 und Schwarz darf weiter klammern.} 38. Rd4 Re8 39. Qf6+ Kg8 40. Qg5+ Kf7 41. Rf4 Qh1 42. Qxf5+ Ke7 43. Re4+ Kd8 44. Qg5+ {Precision: Weiß = 51%, Schwarz = 43%.} 1-0

[Event "XVIII Najdorf Open 2018"]
[Site "Warsaw"]
[Date "2018.07.15"]
[Round "8"]
[White "Wieczorek, Oskar"]
[Black "Sengupta, Deep"]
[Result "1/2-1/2"]
[WhiteElo "2470"]
[BlackElo "2565"]
[Annotator "TA"]
[PlyCount "118"]
[EventDate "2018.07.08"]
[EventCountry "POL"]
[SourceTitle "playchess.com"]
[Source "ChessBase"]
[SourceQuality "1"]

{[%evp 19,118,-7,0,0,0,0,0,-6,0,0,8,0,0,0,0,0,0,0,0,0,0,0,0,0,0,0,0,0,0,0,0,0,0,-59,-19,-120,-112,-124,-124,-105,-45,-107,-106,-102,-77,-77,-83,-77,-72,-62,-44,-44,-36,-47,-43,-65,-29,-19,-19,-17,-20,-100,-94,-100,-27,-18,-12,-23,-27,-29,-34,-29,0,0,0,0,10,-8,-8,-8,-8,-9,-13,-10,0,0,0,0,0,0,0,0,0,0,0,0,0,0,0,0,0]} 1. e4 c6 2. d4 d5 3. Nd2 dxe4 4. Nxe4 Bf5 5. Ng3 Bg6 6. c3 Nf6 {B18: Classical Caro-Kann: 4...Bf5 sidelines} 7. Nh3 Nbd7 8. Bc4 e6 9. Nf4 Bd6 10. h4 Bxf4 {LiveBook: 4 Games} 11. Bxf4 h6 12. h5 Bh7 13. O-O O-O 14. Re1 Nb6 $146 ({Predecessor:} 14... Re8 15. Qf3 Nd5 16. Bd2 Qb6 17. b3 N5f6 18. Qf4 Nd5 {1-0 (83) Andriasian,Z (2588)-Paichadze,L (2467) Kavala 2010}) 15. Bf1 Nfd5 16. Bd2 Qh4 17. Qf3 Nf6 18. Be2 Rfe8 19. Rad1 Rad8 20. Bf4 Nfd5 21. Bd2 Nf6 22. Bf4 Nfd5 23. Bd2 Rd7 24. b3 Nf6 25. Bf4 Nbd5 $36 {[%mdl 2048] Black has the initiative.} 26. Bd2 (26. Be5 $11) 26... a5 27. Bd3 (27. Nf1 $11) 27... Bxd3 $17 28. Qxd3 Ng4 ({Of course not} 28... Nxh5 $6 29. Re4 $11) 29. Qf3 Ndf6 (29... Qh2+ $17 30. Kf1 Ndf6) 30. Bf4 (30. Nf1 $15) 30... Red8 31. Be5 Nxh5 32. Nxh5 Qxh5 33. Re4 f5 34. Ree1 Kf7 35. Qe2 Re8 36. c4 Qg5 37. Bg3 f4 38. Qf3 Red8 39. Bxf4 Qf5 40. Be5 (40. Rb1 $11) 40... Qxf3 41. gxf3 Nf6 ({Black should play} 41... Nxe5 $17 42. Rxe5 a4) 42. Rb1 $11 Ra8 43. a4 Ng8 44. b4 Ne7 45. b5 Nf5 46. bxc6 {The position is equal.} bxc6 47. Rb6 Rc8 48. Ra6 Nh4 49. Re3 c5 50. dxc5 Rxc5 51. Bg3 $1 {[%cal Rg3h4]} Nf5 52. Rexe6 Nxg3 53. fxg3 Rxc4 {[%mdl 4096] Endgame KRR-KRR} 54. Kg2 Rxa4 55. Re5 Ra2+ 56. Kh3 a4 57. Re4 a3 58. Re3 Rd5 59. Raxa3 Rxa3 {Precision: White = 70%, Black = 61%.} 1/2-1/2

[Event "XVIII Najdorf Open 2018"]
[Site "Warsaw"]
[Date "2018.07.15"]
[Round "8"]
[White "Ostrovskiy, Andrey"]
[Black "Markowski, Tomasz"]
[Result "0-1"]
[WhiteElo "2431"]
[BlackElo "2561"]
[Annotator "TA"]
[PlyCount "138"]
[EventDate "2018.07.08"]
[EventCountry "POL"]
[SourceTitle "playchess.com"]
[Source "ChessBase"]
[SourceQuality "1"]

{[%evp 17,138,-5,0,-10,0,0,0,0,4,0,7,0,0,0,0,-26,-38,-51,-20,-25,0,-60,-18,-123,-45,-62,2,-43,-22,-45,-45,-45,-45,-45,-45,-45,-39,-75,-75,-74,-68,-75,-68,-75,-68,-68,-68,-79,-91,-75,-56,-61,-49,-48,-55,-68,-49,-50,-25,-72,-42,-81,-56,-77,0,-84,0,-67,-64,-68,-67,-77,-64,-77,-70,-77,-77,-87,-62,-77,-79,-78,-77,-77,-77,-77,0,-76,-72,-68,-60,-82,-75,-99,-99,-99,-99,-231,-225,-355,-354,-338,-339,-314,-316,-316,-302,-314,-312,-289,-191,-508,-360,-519,-535,-522,-494,-651,-523,-1132,-1070,-953,-645]} 1. e4 e6 2. d4 d5 3. Nc3 Bb4 4. e5 c5 5. a3 Bxc3+ 6. bxc3 Ne7 7. a4 Bd7 8. Nf3 Qa5 {C19: French: 3 Nc3 Bb4: Main line: 7 Nf3 and 7 a4} (8... Nbc6 9. Be2 O-O 10. O-O a5 11. Ba3 c4 12. Ng5 f6 13. exf6 gxf6 14. Nf3 b5 15. axb5 Na7 16. b6 Nb5 17. Bc5 {1-0 (41) Palac,M (2538)-Brumen,D (2325) Zagreb 2017}) 9. Bd2 h6 {LiveBook: 3 Games} 10. h4 Qc7 $146 {The position is equal.} ({Predecessor:} 10... Nbc6 11. Qc1 Rc8 12. Qa3 O-O 13. Rb1 Nd8 14. Bb5 Qc7 15. Bxd7 Qxd7 16. dxc5 Qc7 17. Be3 Ng6 18. Bd4 Nc6 19. O-O Ncxe5 20. Nxe5 Nxe5 21. Bxe5 Qxe5 22. Rxb7 Rc7 23. Qb4 {½-½ (23) Hua,D (2256)-Coraretti,B (2123) Philadelphia 2013}) 11. Bd3 Nbc6 12. O-O O-O 13. Re1 f6 14. exf6 Rxf6 15. Ne5 c4 16. Bf1 Nxe5 17. dxe5 Rf5 18. Qg4 Kh7 19. Be3 ({Better is} 19. f4 $11) 19... Raf8 (19... Qxe5 20. Bc5 $16) 20. Qg3 (20. a5 $11 {keeps the balance.}) 20... Be8 (20... Qxe5 $6 21. Qxe5 Rxe5 22. Reb1 $15) (20... R5f7 $17 {...Nf5 is the strong threat.} 21. Qg4 Qa5) 21. a5 $15 a6 ({Not} 21... Qxe5 $2 22. Qxe5 Rxe5 23. Bc5 $18) (21... Rh5 $15 22. Bxa7 Nf5) 22. Bb6 (22. Qh2 {looks sharper.} Bh5 23. f4 Bg4 24. g3 Qc8 25. Be2) 22... Qc8 23. f3 Ng6 24. Rad1 Ba4 25. Qh2 h5 26. Rd2 Rf4 27. Rd4 Rxd4 ({Weaker is} 27... Bxc2 28. Rxf4 Rxf4 29. g4 $16 (29. g3 Rxf3 30. Qxc2 Rxg3+ 31. Kh2 Rf3 $14)) 28. Bxd4 Bxc2 29. g3 $1 Bf5 30. Qd2 Qd8 31. Bb6 Qe7 32. Qe3 Rc8 33. Be2 Qf7 34. Bd1 Bd3 35. Qg5 Ne7 36. Kh2 Bg6 37. Ba4 Nf5 38. Qd2 Nh6 (38... d4 $5) 39. Bd1 Qf5 40. Bd4 Qf7 41. Bb6 $1 Nf5 ({Black should try} 41... Bd3 $17) 42. Qf2 (42. Ba4 $11) 42... Ne7 43. Kg2 Qf5 44. Ba4 Nc6 45. Qe3 Rf8 46. Bxc6 bxc6 47. Rc1 Qf7 48. Bc5 Rb8 49. Bb6 Bd3 50. Re1 Qg6 51. Qc5 Qf7 52. Qe3 $1 Qe7 53. Ra1 Rb7 54. Kf2 Qf8 55. Qg5 Bg6 56. Qe3 Rf7 57. Bc5 (57. f4 $17 {was called for.}) 57... Qb8 $19 58. Bb6 (58. Kg1 $142) 58... Be4 $1 59. f4 Qxe5 $1 60. Rg1 Qf5 61. Ke1 e5 62. fxe5 Qxe5 63. Rf1 Re7 64. Kd2 $2 (64. Rf8 {nothing else works.}) 64... Qe6 65. Bc5 (65. Rf8 $142) 65... Rb7 {[#] Threatens to win with ...Rb2+.Black is clearly winning.} 66. Bb6 Qd6 67. Qg5 Bg6 68. Ra1 Rf7 69. Qe3 Qd7 {Precision: White = 44%, Black = 58%.} 0-1